National Plan of Physical Education and Recreation (Record no. 414940)

000 -LEADER
fixed length control field 00394cam a22001097a 4500
008 - FIXED-LENGTH DATA ELEMENTS--GENERAL INFORMATION
fixed length control field 180718b1956 xxu||||| |||| 00| 0 eng d
082 ## - DEWEY DECIMAL CLASSIFICATION NUMBER
Classification number P415x54 In2
245 ## - TITLE STATEMENT
Title National Plan of Physical Education and Recreation
Statement of responsibility, etc. by The Central Advisory Board of Physical Education and Recr
260 ## - PUBLICATION, DISTRIBUTION, ETC.
Place of publication, distribution, etc. New Delhi
Name of publisher, distributor, etc. The Manager of Punblication
Date of publication, distribution, etc. 1956
300 ## - PHYSICAL DESCRIPTION
Extent - - -
700 ## - ADDED ENTRY--PERSONAL NAME
Personal name India. Ministry of Education
Holdings
Withdrawn status Lost status Damaged status Not for loan Permanent Location Current Location Date acquired Full call number Barcode Date last seen Price effective from Koha item type
        Indian Institute of Public Administration Indian Institute of Public Administration 2009-02-27 P415x54 In2 24088 2018-07-21 2018-07-21 Book

Powered by Koha